000 01306nam a2200241Ia 4500
003 Ost
005 20260507074927.0
008 260507s9999||||xx |||||||||||||| ||und||
040 _cfsecg
041 _aara
082 _a658.5
100 _aالفضل، مؤيد عبد الحسين
_eمؤلف
245 0 _aإدرة الانتاج والعمليات-منهج كمي مع دراسة حالة- /
_c مؤيد عبد الحسين الفضل
260 _aعمان:
_bدار زهران,
_c2006
300 _a456 صفحة؛
_bإيضاحات ؛
_c24 سم
520 _aمدخل الى ادارة الانتاج والعمليات، اختيار موقع المصنع، تصميم المصنع، التتابع في العمليات الانتاجية، الانتاج الاني، تخطيط متطلبات المواد الصناعية، تخطيط الانتاج، الاستخدام الأمثل للمواد الأولية في الانتاج، الجودة، ادارة الجودة الشاملة، ادارة الجودة الشاملة والسيطرة النوعية، الصيانة
653 _aالادارة
653 _aالانتاج
653 _aالتخطيط
653 _aضبط الجودة
700 _aمحمد، حاكم محسن
_eمؤلف ثانوي
942 _cكتاب
999 _c41833
_d41833